| 000 | 00561nam a2200229Ia 4500 | ||
|---|---|---|---|
| 003 | OSt | ||
| 005 | 20250301114838.0 | ||
| 008 | 210210b1900 xxu||||| |||| 00| 0 eng d | ||
| 040 | _cAL | ||
| 041 | _aeng | ||
| 082 | _a516/121 | ||
| 100 |
_aROBERTS (H A) _9203203 |
||
| 245 | _aTreatise on elementary dynamics | ||
| 260 |
_aLondon _bMacmillan & Co. Ltd. _c1900 |
||
| 650 |
_aTreatise _9203204 |
||
| 650 |
_aon _9203205 |
||
| 650 |
_aelementary _9203206 |
||
| 650 |
_adynamics _9203207 |
||
| 690 |
_astatics _9203208 |
||
| 906 | _a007837 | ||
| 942 |
_2ddc _cBK |
||
| 999 |
_c140695 _d140695 |
||